| 000 | 00841nam a2200277Ia 4500 | ||
|---|---|---|---|
| 003 | GCL | ||
| 005 | 20240530101940.0 | ||
| 008 | 140319s9999 xx 000 0 ara d | ||
| 040 |
_aGCL / _cGCL |
||
| 082 | 0 | 4 |
_b323.5 _bق/م ى |
| 100 | 1 | _aمحمد الطويل | |
| 245 | 1 | 0 |
_aيهود فى برلمان مصر / _cمحمد الطويل |
| 260 |
_a[S.N] : _bمطبوعات الشعب ، _c1988 |
||
| 300 | _a131 ص | ||
| 650 | 0 | 4 | _aتاريخ |
| 650 | 0 | 4 | _aالاحوال الاجتماعية |
| 650 | 0 | 4 | _aاليهود فى مصر |
| 650 | 0 | 4 | _aالهيئات التشريعية |
| 650 | 0 | 4 | _aالبرلمان |
| 650 | 0 | 4 | _aهجرة اليهود الى فلسطين |
| 650 | 0 | 4 | _aاليهود |
| 650 | 0 | 4 | _aقضية فلسطين |
| 650 | 0 | 4 | _aاستجوابات |
| 650 | 0 | 4 | _aطلبات الاحاطة |
| 942 |
_2ddc _cBK |
||
| 999 |
_c28932 _d28932 |
||